000 01220nam a2200277 a 4500
003 OSt
005 20250128091206.0
007 cr ||||||a|c|a
008 230522s2019 mx a|||fom||| 001 0 spa d
040 _erda
100 1 _9187134
_aPérez Ramírez, Dailin Azael
245 1 0 _aDiseño y construcción de un destilador para elaboración artesanal de pox de maíz /
_cpor Dailin Azael Pérez Ramírez y Juan Santiago Mayorga; director de tesis Abraham Cortés Santiago.
264 1 _aChapingo, México :
_bEl autor,
_c2019.
300 _a1 recurso en línea (70 páginas):
_bfiguras, cuadros.
336 _2rdacontent
_atexto
_btxt
337 _2rdamedia
_acomputadora
_bc
338 _2rdacarrier
_arecurso en línea
_bcr
502 _bIMAg
_cMecánica
_d2019.
_gLIC
504 _aIncluye referencias bibliográficas: páginas 60.
650 4 _9187136
_aDestiladores
_xDiseño y construcción
650 4 _9134825
_aBebidas alcohólicas
_xElaboración
700 1 _9187135
_aSantiago Mayorga, Juan
700 1 _928361
_aCortés Hernández, Abraham
_eDirector de tesis.
856 _uhttp://10.13.5.2/tesis/tl/Perez_Ramirez_Dailin_Azael.pdf
_zDESCARGAR PDF
942 _2Clasificación Universidad Autónoma Chapingo
_cTD
999 _c218802
_d218802